00221nam a2200097Ia 4500008004100000100002400041245001000065260002400075942000700099999001700106190216s9999||||xx |||||||||||||| ||und|| aNarayana Pillai P K 0aAkbar bNational Book Stall cBK c18693d18693